| 000 | 00716nam a2200217Ia 4500 | ||
|---|---|---|---|
| 001 | 7298 | ||
| 003 | GE_BSU | ||
| 008 | 181216s||||||||xx |||||||||||||| ||und|| | ||
| 040 | _cGE_BSU | ||
| 080 | _a665.63 | ||
| 100 | _aГальперин,А.Е. | ||
| 245 | _aПроизводство присадок к моторным и трансмиссионным маслам. | ||
| 245 | _cРед.Л.Е.Унксова, Г.И.Коледова. | ||
| 260 | _aМ. | ||
| 260 | _bХимия. | ||
| 260 | _c1974. | ||
| 300 | _a196стр.18см. | ||
| 300 | _e22 табл. 49 рис. | ||
| 653 | _aПроизводство присадок к моторным и трансмиссионным маслам. | ||
| 942 | _cBK | ||
| 999 |
_c40670 _d40670 |
||